[Event "HUN-chT2 Breyer 0203"]
[Site "Hungary"]
[Date "2003.03.23"]
[Round "9"]
[White "Meixner, Ferenc"]
[Black "Kota, Istvan"]
[Result "1-0"]
[WhiteElo "2152"]
[BlackElo "2191"]
[PlyCount "51"]
[EventDate "2002.09.22"]
[EventType "team"]
[EventRounds "11"]
[EventCountry "HUN"]
[SourceTitle "EXT 2009"]
[Source "ChessBase"]
[SourceDate "2008.11.26"]
[SourceVersion "1"]
[SourceVersionDate "2008.11.26"]
[SourceQuality "1"]

1. d4 f5 2. Nf3 Nf6 3. Bf4 d6 4. e3 g6 5. Be2 Bg7 6. c4 c6 7. Nc3 0-0 8. Qb3 Qe8 9. c5+ d5 10. Ne5 Nbd7 11. 0-0 Ne4 12. Nxe4 fxe4 13. Nxd7 Qxd7 14. f3 Rxf4 15. exf4 exf3 16. Rxf3 Bxd4+ 17. Kh1 Bxc5 18. f5 e5 19. fxg6 hxg6 20. Raf1 Qh7 21. Bd3 Bd7 22. Bxg6 Qg7 23. Bf7+ Kh8 24. Rg3 Qh7 25. Qxb7 Rd8 26. Qc7 1-0

[Event "HUN-chT2 Breyer 0203"]
[Site "Hungary"]
[Date "2002.11.24"]
[Round "3"]
[White "Fabri, Ferenc"]
[Black "Kota, Istvan"]
[Result "0-1"]
[WhiteElo "2245"]
[BlackElo "2191"]
[PlyCount "154"]
[EventDate "2002.09.22"]
[EventType "team"]
[EventRounds "11"]
[EventCountry "HUN"]
[SourceTitle "EXT 2009"]
[Source "ChessBase"]
[SourceDate "2008.11.26"]
[SourceVersion "1"]
[SourceVersionDate "2008.11.26"]
[SourceQuality "1"]

1. e4 c6 2. d4 d5 3. e5 Bf5 4. Nc3 e6 5. g4 Bg6 6. Nge2 f6 7. Nf4 fxe5 8. Nxg6 hxg6 9. dxe5 Nd7 10. Bf4 Qc7 11. Qe2 g5 12. Bg3 Nh6 13. 0-0-0 Nf7 14. Re1 Bb4 15. Qe3 Qa5 16. Kb1 Nc5 17. a3 Bxc3 18. Qxc3 Qxc3 19. bxc3 Ne4 20. Kb2 Ke7 21. Bd3 Nxg3 22. fxg3 Rh3 23. Bf1 Rh6 24. Bg2 Rf8 25. h4 Rhh8 26. a4 Nh6 27. Bh3 gxh4 28. gxh4 Rf4 29. Kb3 Nf7 30. h5 Ng5 31. Re3 Ne4 32. Kb2 Nf2 33. Rg1 Rhf8 34. Kb3 Ne4 35. Kb2 Nd2 36. Kc1 Nc4 37. Ree1 Rf2 38. g5 Rh2 39. Bg4 Rff2 40. Bd1 Rf5 41. h6 Nxe5 42. Rg3 g6 43. Be2 Kd6 44. a5 Rff2 45. c4 Rxe2 46. Rxe2 Rxe2 47. Rb3 Nf7 48. c5+ Kxc5 49. Rf3 Nxg5 50. Rf6 Kb5 51. Rxg6 Re5 52. Rg7 b6 53. axb6 axb6 54. h7 Re1+ 55. Kb2 Rh1 56. Rxg5 Rxh7 57. Re5 Re7 58. Kb3 Kc5 59. Kc3 Kd6 60. Rh5 e5 61. Kd3 c5 62. c3 Kc6 63. Rh6+ Kb5 64. Rd6 e4+ 65. Ke2 Kc4 66. Rxb6 e3 67. Rb1 Rg7 68. Re1 Rg2+ 69. Kd1 d4 70. cxd4 cxd4 71. Rh1 Ra2 72. Rh8 d3 73. Rc8+ Kb4 74. Rb8+ Kc5 75. Rc8+ Kb6 76. Rb8+ Kc7 77. Rb1 Rh2 0-1